<?xml version="1.0" encoding="UTF-8"?><?xml-stylesheet type="text/xsl" href="static/style.xsl"?><OAI-PMH xmlns="http://www.openarchives.org/OAI/2.0/" xmlns:xsi="http://www.w3.org/2001/XMLSchema-instance" xsi:schemaLocation="http://www.openarchives.org/OAI/2.0/ http://www.openarchives.org/OAI/2.0/OAI-PMH.xsd"><responseDate>2026-04-14T02:35:33Z</responseDate><request verb="GetRecord" identifier="oai:www.recercat.cat:10230/54115" metadataPrefix="marc">https://recercat.cat/oai/request</request><GetRecord><record><header><identifier>oai:recercat.cat:10230/54115</identifier><datestamp>2025-12-20T16:55:30Z</datestamp><setSpec>com_2072_6</setSpec><setSpec>col_2072_452952</setSpec></header><metadata><record xmlns="http://www.loc.gov/MARC21/slim" xmlns:dcterms="http://purl.org/dc/terms/" xmlns:xsi="http://www.w3.org/2001/XMLSchema-instance" xmlns:doc="http://www.lyncode.com/xoai" xsi:schemaLocation="http://www.loc.gov/MARC21/slim http://www.loc.gov/standards/marcxml/schema/MARC21slim.xsd">
   <leader>00925njm 22002777a 4500</leader>
   <datafield ind2=" " ind1=" " tag="042">
      <subfield code="a">dc</subfield>
   </datafield>
   <datafield ind2=" " ind1=" " tag="720">
      <subfield code="a">Fonseca Casals, Francina, 1972-</subfield>
      <subfield code="e">author</subfield>
   </datafield>
   <datafield ind2=" " ind1=" " tag="720">
      <subfield code="a">Mestre-Pintó, Juan Ignacio</subfield>
      <subfield code="e">author</subfield>
   </datafield>
   <datafield ind2=" " ind1=" " tag="720">
      <subfield code="a">Rodríguez-Minguela, Rocío</subfield>
      <subfield code="e">author</subfield>
   </datafield>
   <datafield ind2=" " ind1=" " tag="720">
      <subfield code="a">Papaseit Fontanet, Esther</subfield>
      <subfield code="e">author</subfield>
   </datafield>
   <datafield ind2=" " ind1=" " tag="720">
      <subfield code="a">Pérez Mañá, Clara</subfield>
      <subfield code="e">author</subfield>
   </datafield>
   <datafield ind2=" " ind1=" " tag="720">
      <subfield code="a">Langohr, Klaus</subfield>
      <subfield code="e">author</subfield>
   </datafield>
   <datafield ind2=" " ind1=" " tag="720">
      <subfield code="a">Barbuti, Margherita</subfield>
      <subfield code="e">author</subfield>
   </datafield>
   <datafield ind2=" " ind1=" " tag="720">
      <subfield code="a">Farré Albaladejo, Magí</subfield>
      <subfield code="e">author</subfield>
   </datafield>
   <datafield ind2=" " ind1=" " tag="720">
      <subfield code="a">Torrens, Marta</subfield>
      <subfield code="e">author</subfield>
   </datafield>
   <datafield ind2=" " ind1=" " tag="720">
      <subfield code="a">Neurodep Group</subfield>
      <subfield code="e">author</subfield>
   </datafield>
   <datafield ind2=" " ind1=" " tag="260">
      <subfield code="c">2022-09-20T06:05:22Z</subfield>
   </datafield>
   <datafield ind2=" " ind1=" " tag="260">
      <subfield code="c">2022-09-20T06:05:22Z</subfield>
   </datafield>
   <datafield ind2=" " ind1=" " tag="260">
      <subfield code="c">2022</subfield>
   </datafield>
   <datafield ind2=" " ind1=" " tag="520">
      <subfield code="a">Background: Major depressive disorder (MDD) and cocaine use disorder (CUD) are related with disability and high mortality rates. The assessment and treatment of psychiatric comorbidity is challenging due to its high prevalence and its clinical severity, mostly due to suicide rates and the presence of medical comorbidities. The aim of this study is to investigate differences in brain derived neurotrophic factor (BDNF) and cortisol plasmatic levels in patients diagnosed with CUD-primary-MDD and CUD-induced-MDD and also to compare them to a sample of MDD patients (without cocaine use), a sample of CUD (without MDD), and a group of healthy controls (HC) after a stress challenge. Methods: A total of 46 subjects were included: MDD (n = 6), CUD (n = 15), CUD-primary-MDD (n = 16), CUD-induced-MDD (n = 9), and 21 HC. Psychiatric comorbidity was assessed with the Spanish version of the Psychiatric Research Interview for Substance and Mental Disorders IV (PRISM-IV), and depression severity was measured with the Hamilton Depression Rating Scale (HDRS). Patients were administered the Trier Social Stress Test (TSST) before and after the biological measures, including BDNF, and cortisol levels were obtained. Results: After the TSST, Cohen&amp;apos;s d values between CUD-primary-MDD and CUD-induced-MDD increased in each assessment from 0.19 post-TSST to 2.04 post-90-TSST. Pairwise differences among CUD-induced-MDD and both MDD and HC groups had also a large effect size value in post-30-TSST and post-90-TSST. In the case of the BDNF concentrations, CUD-primary-MDD and CUD-induced-MDD in post-90-TSST (12,627.27 ± 5488.09 vs.17,144.84 ± 6581.06, respectively) had a large effect size (0.77). Conclusion: Results suggest a different pathogenesis for CUD-induced-MDD with higher levels of cortisol and BDNF compared with CUD-primary-MDD. Such variations should imply different approaches in treatment.</subfield>
   </datafield>
   <datafield ind2=" " ind1=" " tag="520">
      <subfield code="a">This work was supported by grants from the Instituto de Salud Carlos III–ISCIII Red de Trastornos Adictivos 2016 (RD16/0017/0010 and RD16/0017/0003); Fondo de Investigación Sanitaria (FIS) (PI09/02121, PI12/01838, PI16/00603); National R + D+I and funded by the Instituto de Salud Carlos III (ISCIII) and the European Regional Development Fund (FEDER) grant Juan Rodes (JR 16/00020); Ministerio de Sanidad, Política Social e Igualdad, Plan Nacional Sobre Drogas (PNSD) (2012I054); Suport Grups de Recerca AGAUR-Gencat (2017 SGR 316, 2017 SGR 530); Ministerio de Economía y Competitividad (MTM2015-64465-C2-1-R); ISCIII-Redes de Investigación Cooperativa Orientadas a Resultados en Salud (RICORS); Red de Investigación en Atención Primaria de Adicciones (RIAPAd), grant number RD21/0009/0001. The funding agencies had no role in study design, data collection, interpretation, and no influence on the writing.</subfield>
   </datafield>
   <datafield tag="653" ind2=" " ind1=" ">
      <subfield code="a">Brain derived neurotrophic factor (BDNF)</subfield>
   </datafield>
   <datafield tag="653" ind2=" " ind1=" ">
      <subfield code="a">Cocaine use disorder</subfield>
   </datafield>
   <datafield tag="653" ind2=" " ind1=" ">
      <subfield code="a">Cortisol</subfield>
   </datafield>
   <datafield tag="653" ind2=" " ind1=" ">
      <subfield code="a">Depression</subfield>
   </datafield>
   <datafield tag="653" ind2=" " ind1=" ">
      <subfield code="a">Dual diagnosis</subfield>
   </datafield>
   <datafield ind2="0" ind1="0" tag="245">
      <subfield code="a">BDNF and cortisol in the diagnosis of cocaine-induced depression</subfield>
   </datafield>
</record></metadata></record></GetRecord></OAI-PMH>